| 000 | 00622nam a2200181 a 4500 | ||
|---|---|---|---|
| 001 | 000038592 | ||
| 005 | 20201002031315.0 | ||
| 008 | 130416s1993 dr ac 000 0 spa d | ||
| 040 |
_aDO-SdBNP _bspa _cBNPHU |
||
| 041 | 1 | 7 |
_aspa _beng |
| 100 | 1 |
_aBatista, Domingo _956792 |
|
| 245 | 1 | 0 |
_aTiempo de luz = _btime of light / _cDomingo Batista ; traducción Blanca de Batista. |
| 246 | 1 | 0 | _atime of light |
| 246 | _aTexto en español e inglés | ||
| 260 |
_aSantiago de los Caballeros, República Dominicana : _bAmigo del Hogar, _c1993. |
||
| 300 |
_a198 p. : _bil., retrs. ; _c31 cm. |
||
| 700 | 1 |
_aBatista, Blanca de _etr. _964931 |
|
| 999 |
_c38082 _d38082 |
||